Statistics for Countries Containing Another Country (in any way)

Click here to take the quiz!

General Stats

  • This quiz has been taken 94 times
  • The average score is 13 of 21

Answer Stats

PartnerCountry% Correct
South AfricaLesotho
88%
ItalySan Marino
87%
LesothoSouth Africa
87%
ItalyVatican City
87%
San Marino | Vatican CityItaly
85%
Guinea-Bissau | Equatorial Guinea | Papua New Guinea
Guinea
82%
GuineaGuinea-Bissau
82%
GuineaEquatorial Guinea
78%
GuineaPapua New Guinea
77%
SudanSouth Sudan
61%
South SudanSudan
61%
NigeriaNiger
60%
NigerNigeria
60%
R. CongoD. R. Congo
54%
D. R. CongoR. Congo
54%
Dominican RepublicDominica
51%
DominicaDominican Republic
51%
SomaliaMali
45%
MaliSomalia
40%
RomaniaOman
33%
OmanRomania
28%

Score Distribution

Percentile by Number Answered

Percent of People with Each Score

Your Score History

You have not taken this quiz